| 000 | 01128namaa22003371i 4500 | ||
|---|---|---|---|
| 003 | EG-GICUC | ||
| 005 | 20260112111544.0 | ||
| 008 | 260112s1999 fr b|||gr|||| 000 0bfre d | ||
| 020 | _a2738484956 | ||
| 020 | _a9782738484956 | ||
| 040 |
_aEG-GiCUC _bfre _cEG-GiCUC _dEG-GiCUC _erda |
||
| 043 | _aa-le--- | ||
| 082 | 0 | 4 |
_221 _a352.23 _bH2821n |
| 092 | 0 | 4 |
_221 _a352.23 _bH2821n |
| 099 | _a352.23 H2821n | ||
| 100 | 1 |
_aNaba, René _eAuthor. |
|
| 245 | 1 | 0 |
_aRafic Hariri : _bun homme d'affaires premier ministre / _cRené Naba. |
| 264 |
_aParis : _bHarmattan, _c1999. |
||
| 300 |
_a176 pages : _bmap ; _c24 cm. |
||
| 336 |
_2rdacontent _atext |
||
| 337 |
_2rdamedia _aUnmediated |
||
| 338 |
_2rdacarrier _avolume |
||
| 504 | _aIncludes bibliographical references. | ||
| 541 |
_aDr. Jabir Usfour ; _bCairo ; _cGift ; _d2024. |
||
| 600 | 1 | 0 |
_aḤarīrī, Rafīq Bahāʼ, _d1944-2005 _910517 |
| 650 | 1 |
_aPrime ministers _vBiography. _zLebanon _2qrmak |
|
| 651 | 1 |
_2qrmak _aLebanon _xPolitics and government _y1975-1990. |
|
| 651 | 1 |
_aLebanon _xPolitics and government _y1990- |
|
| 905 | _aAsmaa | ||
| 942 |
_2ddc _cBK _e21 _n0 |
||
| 999 |
_c177608 _d177608 |
||